000 00751nam a2200193 a 4500
001 572
003 CO-ViMGA
008 141112s2004 ck r 000 u spa d
040 _aCO-ViMGA
_bspa
_cCO-ViMGA
082 0 4 _a658.83 B899
100 1 _aBuzzell, Robert D
_948418
245 1 0 _aAdministración de la mercadotecnia multinacional :
_blecturas y casos /
_cBuzzell Roberth D , A. John
260 _aWilmington :
_bAddison - Wesley,
_c1992
300 _a505 p
505 _aDiseño de estrategias para la competencia multinacional 51 - - Diseño de programas de mercadotecnia multinacional 235 - - Organización y control de las operaciones multinacionales 459
650 1 4 _aMERCADOTECNIA
650 1 4 _aVENTAS - ADMINISTRACION
942 _2ddc
_cBK
999 _c12813
_d12813